00357nam a2200121 a 4500008004100000050001500041100001600056245005300072246004000125260004000165300002100205350000900226120416s1966 ||||||||||||||||| || u aTA 410 Nai aNaidu, D. S10aEngineering materials and their testing, part 11 anon-ferrous metals and their alloys aLondonbAsia Publishing Housec1966 axvi, 275p. : ill a0.00